Key concepts in event management
Gorde:
| Egile nagusia: | |
|---|---|
| Formatua: | Liburua |
| Hizkuntza: | ingelesa |
| Argitaratua: |
Sage Publications,
2013.
|
| Etiketak: |
Etiketa erantsi
Etiketarik gabe, Izan zaitez lehena erregistro honi etiketa jartzen!
|
MARC
| LEADER | 00000nam a22000007a 4500 | ||
|---|---|---|---|
| 008 | 210819b ||||| |||| 00| 0 eng d | ||
| 020 | |a 978-1-84920-560-3 | ||
| 100 | |a QUINN, Bernadette. | ||
| 245 | |a Key concepts in event management |c Bernadette Quinn. |e Sage key concepts |g xi, 194p. | ||
| 260 | |b Sage Publications, |c 2013. |h Los Angeles: |i 693431 |i 693432 |l GT3405 .Qu4 |m Special events – Management. | ||
| 500 | |a “It includes references”. | ||
| 942 | |a lcc |c BK |e Adeniran, F. A. |f 19/08/2021 | ||
| 952 | |0 0 |1 0 |2 lcc |4 0 |6 GT3405 Q U4 |7 0 |9 3139 |a HOL |b SSL |c GJ |d 2021-08-19 |l 0 |o GT3405 .Qu4 |p 2021-66837 |r 2021-08-19 00:00:00 |w 2021-08-19 |y BK | ||
| 952 | |0 0 |1 0 |2 lcc |4 0 |6 GT3405 Q U4 |7 0 |9 3140 |a HOL |b HOL |c GJ |d 2021-08-19 |l 0 |o GT3405 .Qu4 |p 2021-66838 |r 2021-08-19 00:00:00 |w 2021-08-19 |y BK | ||
| 999 | |c 1588 |d 1588 | ||